| 000 | 00000nas##2200000za#4500 |
| 001 | 9.503646 |
| 003 | CaOODSP |
| 005 | 20230201095211 |
| 007 | cr ||||||||||| |
| 008 | 150406c2007||||xxc|| p o||||f| |0fre|d |
| 040 | |aCaOODSP|bfre |
| 043 | |an-cn--- |
| 086 | 1 |aPS62-1F-PDF |
| 110 | 2 |aGendarmerie royale du Canada. |
| 245 | 10|aRapport trimestriel de la GRC sur les armes à impulsions / |h[ressource électronique]|cPréparé par : Unité sur le recours à la force, Section du recours à la force et des programmes opérationnels, Sous-direction de la police criminelle nationale, SPCCA. |
| 260 | |aOttawa - Ontario : |bGendarmerie royale du Canada |
| 310 | |aTrimestriel |
| 362 | 1 |aDu 1er octobre 2007 à 31 décembre 2007 -- du 1er juillet 2010 au 30 septembre 2010 |
| 691 | 07|aService de police|2gcpds |
| 775 | 08|tRCMP quarterly report on conducted energy weapons / |w(CaOODSP)9.507257 |